Central Library OPAC University of Rajshahi

Bio-Separation and Activity of Capparis Zeylanica Against Cryptolestes Pusillus (Schon.) / (Record no. 79848)

MARC details
000 -LEADER
fixed length control field 00938nam a2200241 a 4500
001 - CONTROL NUMBER
RUCL Control Number 79848
003 - CONTROL NUMBER IDENTIFIER
rucl marc code BD-RjUL
005 - DATE AND TIME OF LATEST TRANSACTION
control field 20231127102617.0
008 - FIXED-LENGTH DATA ELEMENTS--GENERAL INFORMATION
fixed length control field 220525s2015 bg a|||| m||| 00| 0 eng d
035 ## - SYSTEM CONTROL NUMBER
system control number (BD-RjUL)79848
040 ## - CATALOGING SOURCE
Original cataloging agency BD-RjUL
Language of cataloging eng
Transcribing agency BD-RjUL
Modifying agency BD-RjUL
041 ## - LANGUAGE CODE
Language code of Book eng
082 ## - DEWEY DECIMAL CLASSIFICATION NUMBER
DDC Edition number 23
Classification number 583.53
Author mark and Year HOB 2015
100 ## - MAIN ENTRY--PERSONAL NAME
Personal name Hoque, Md. Rezaul
9 (RLIN) 3177
245 10 - TITLE STATEMENT
Title Bio-Separation and Activity of Capparis Zeylanica Against Cryptolestes Pusillus (Schon.) /
Statement of responsibility, etc By Md. Rezaul Hoque.
Name of Supervisor/Co-Supervisor Supervision : Md. Wahedul Islam
260 ## - PUBLICATION, DISTRIBUTION, ETC. (IMPRINT)
Place of publication, distribution, etc Rajshahi :
Name of publisher, distributor, etc Institute of Biological Sciences, University of Rajshahi,
Date of publication, distribution, etc 2015.
300 ## - PHYSICAL DESCRIPTION
Pagination [13], xxxvi, [1], 262 leaves :
Other physical details ill. ;
Dimensions 29 cm.
502 ## - DISSERTATION NOTE
Dissertation note Thesis ( Ph.D.)-- Institute of Biological Sciences, University of Rajshahi,2015
504 ## - BIBLIOGRAPHY, ETC. NOTE
Bibliography, etc References : leaves 131-148
650 ## - SUBJECT ADDED ENTRY--TOPICAL TERM
Topical term or geographic name as entry element Magnoliopsida
General subdivision Cryptolestes
9 (RLIN) 3178
700 ## - ADDED ENTRY--SUPERVISOR/CO-SUPERVISOR NAME
Personal name Islam, Md. Wahedul, Supervision
9 (RLIN) 3179
942 ## - ADDED ENTRY ELEMENTS (KOHA)
Source of classification or shelving scheme Dewey Decimal Classification
Koha item type Theses
Holdings
Source of classification or shelving scheme Damaged status Not for loan Collection code Permanent Location Current Location Shelving location Date of accession Source of acquisition Total Checkouts Full call number Barcode Date last seen Copy number Thesis
Dewey Decimal Classification   Not For Loan Theses Central Library, University of Rajshahi Central Library, University of Rajshahi Documentation Section 20/07/2016 Controller of Exam. R.U.   THE 583.53 HOB 2015 D3913 25/05/2022 C-1 Theses